[Event "Kranj op 2nd"]
[Site "Kranj"]
[Date "2005.07.05"]
[Round "9"]
[White "Vidic, Mihajlo"]
[Black "Petek, Primoz"]
[Result "0-1"]
[WhiteElo "1669"]
[BlackElo "2120"]
[PlyCount "30"]
[EventDate "2005.06.??"]
[EventType "swiss"]
[EventRounds "9"]
[EventCountry "SLO"]
[SourceTitle "EXT 2006"]
[Source "ChessBase"]
[SourceDate "2005.11.24"]
[SourceVersion "1"]
[SourceVersionDate "2005.11.24"]
[SourceQuality "1"]

1. d4 Nf6 2. c4 e5 3. dxe5 Ng4 4. Nf3 Bc5 5. e3 Nc6 6. Nc3 0-0 7. b3 Ncxe5 8. h3 Nxf3+ 9. Qxf3 Ne5 10. Qh5 d6 11. Bb2 c6 12. Be2 f5 13. 0-0-0 Be6 14. Kb1 Bf7 15. Qxf5 Bg6 0-1

[Event "Kranj op 2nd"]
[Site "Kranj"]
[Date "2005.07.02"]
[Round "5"]
[White "Vidic, Mihajlo"]
[Black "Snoj, Luka"]
[Result "1-0"]
[WhiteElo "1669"]
[BlackElo "1566"]
[PlyCount "45"]
[EventDate "2005.06.??"]
[EventType "swiss"]
[EventRounds "9"]
[EventCountry "SLO"]
[SourceTitle "EXT 2006"]
[Source "ChessBase"]
[SourceDate "2005.11.24"]
[SourceVersion "1"]
[SourceVersionDate "2005.11.24"]
[SourceQuality "1"]

1. d4 Nf6 2. c4 e6 3. Nf3 d5 4. Nc3 Nc6 5. Bg5 h6 6. Bxf6 gxf6 7. cxd5 exd5 8. a3 Rg8 9. g3 Be6 10. Bg2 Nb8 11. Qb3 b6 12. 0-0 c6 13. Rac1 Qd7 14. Rfe1 Bd6 15. Qc2 f5 16. b4 f6 17. Nh4 f4 18. e4 fxe3 19. Rxe3 Kd8 20. Rce1 Bf7 21. Qh7 c5 22. Bh3 Qc7 23. Nb5 1-0

[Event "Kranj op 2nd"]
[Site "Kranj"]
[Date "2005.07.01"]
[Round "4"]
[White "Gruskovnjak, Tomislav"]
[Black "Vidic, Mihajlo"]
[Result "1-0"]
[WhiteElo "2290"]
[BlackElo "1669"]
[PlyCount "44"]
[EventDate "2005.06.??"]
[EventType "swiss"]
[EventRounds "9"]
[EventCountry "SLO"]
[SourceTitle "EXT 2006"]
[Source "ChessBase"]
[SourceDate "2005.11.24"]
[SourceVersion "1"]
[SourceVersionDate "2005.11.24"]
[SourceQuality "1"]

1. Nf3 Nf6 2. c4 c6 3. b3 d5 4. Bb2 Bf5 5. g3 Nbd7 6. Bg2 e6 7. 0-0 Be7 8. d3 Qc7 9. Nbd2 a5 10. a3 0-0 11. Rc1 Bg6 12. Rc2 Rac8 13. Qa1 Qb6 14. Ne5 Rfd8 15. Nxd7 Rxd7 16. cxd5 Nxd5 17. Bxg7 Rcd8 18. Bd4 Qa6 19. Nf3 b5 20. Ne5 Rc7 21. Rfc1 Rdc8 22. e4 Nf6 1-0

[Event "Kranj op 2nd"]
[Site "Kranj"]
[Date "2005.06.29"]
[Round "2"]
[White "Orel, Simona"]
[Black "Vidic, Mihajlo"]
[Result "0-1"]
[WhiteElo "2022"]
[BlackElo "1669"]
[PlyCount "74"]
[EventDate "2005.06.??"]
[EventType "swiss"]
[EventRounds "9"]
[EventCountry "SLO"]
[SourceTitle "EXT 2006"]
[Source "ChessBase"]
[SourceDate "2005.11.24"]
[SourceVersion "1"]
[SourceVersionDate "2005.11.24"]
[SourceQuality "1"]

1. d4 Nf6 2. c4 e6 3. Nf3 b6 4. a3 Bb7 5. Bg5 Be7 6. e3 d6 7. Nc3 Nbd7 8. Be2 0-0 9. 0-0 Ne4 10. Nxe4 Bxe4 11. Bxe7 Qxe7 12. Nd2 Bb7 13. Bf3 Bxf3 14. Qxf3 c5 15. Rfe1 Rfe8 16. h3 e5 17. dxc5 Nxc5 18. Qd5 e4 19. Rf1 Qe5 20. Qxe5 Rxe5 21. Rad1 f5 22. Nb1 Nd3 23. Rd2 Rc8 24. b3 b5 25. cxb5 Rxb5 26. b4 Rb6 27. Rdd1 Rc2 28. Rd2 Rc4 29. Rdd1 Rc2 30. Rd2 Rbc6 31. Rxc2 Rxc2 32. f3 h6 33. fxe4 fxe4 34. Rd1 d5 35. Rf1 g6 36. Kh1 d4 37. exd4 e3 0-1